Normal view
MARC view
- Milton Shulman
Entry Personal Name
001 - CONTROL NUMBER
- control field: 108364
003 - CONTROL NUMBER IDENTIFIER
- control field: NUST
005 - DATE AND TIME OF LATEST TRANSACTION
- control field: 20230201123209.0
008 - FIXED-LENGTH DATA ELEMENTS
- fixed length control field: 230201|| aca||aabn | a|a d
040 ## - CATALOGING SOURCE
- Original cataloging agency: NUST
- Transcribing agency: NUST
100 ## - HEADING--PERSONAL NAME
- Personal name: Milton Shulman
670 ## - SOURCE DATA FOUND
- Source citation: Work cat.: (NUST)187095: Milton Shulman, Defeat in the west /, 1951
